Score 0/19 Timer 05:00
0 Plays Today
Year Production % Correct
2007Godspell
87.5%
2008Seussical the Musical
87.5%
2010Into the Woods
87.5%
2010Clue: The Musical
87.5%
2010The Making Of... (An Existential Revue of the Philosophies of Time, Space and Love)
87.5%
2011Curious Savage
87.5%
2009You're a Good Man, Charlie Brown
87.5%
2009Joseph and the Amazing Technicolor Dreamcoat
87.5%
2011The 39 Steps
87.5%
2011Wonderland!
87.5%
Year Production % Correct
2012The Man Who Came To Dinner
87.5%
2013Murder's in the Heir
83.3%
2013High School Musical
83.3%
2013The Drowsy Chaperone
83.3%
2014The Sound of Music
83.3%
2012Titanic: A New Musical
75%
2012Around the World in 80 Days
75%
2014The Spring Showcase
66.7%
2013[title of show]
62.5%

You're not logged in!

Compare scores with friends on all Sporcle quizzes.
OR
Log In

Sporcle TV

Today on Sporcle TV


Watch our educational content, quiz creation guides, and fun videos on Sporcle TV.

Show Comments

Extras

Created Dec 19, 2012ReportNominate
Tags:production

Top Quizzes Today


Score Distribution

Paid Content

Your Account Isn't Verified!

In order to create a playlist on Sporcle, you need to verify the email address you used during registration. Go to your Sporcle Settings to finish the process.

Report this User

Report this user for behavior that violates our Community Guidelines.

Details: